| 000 | 00682nam a2200253Ia 4500 | ||
|---|---|---|---|
| 001 | 51624 | ||
| 005 | 20240114005233.0 | ||
| 007 | ta | ||
| 008 | 091101s2007 a g b000 u 465 u | ||
| 020 | _a81-219-0444-7 | ||
| 040 | _aCotton College Libra | ||
| 041 | _a465 | ||
| 082 |
_a615.5 _bBa 231 Es |
||
| 100 | _aBarar, F.S.K. . | ||
| 245 | 0 |
_aEssentials Of Parmacotherapeutics / _cF.S.K.Barar. _hTextual Documents |
|
| 250 | _a4th ed. / | ||
| 260 |
_aN.Delhi : _bS.Chand & Co , _c2007. |
||
| 300 |
_a603 : _bDiagrams ; |
||
| 504 | _aAppendix,Index | ||
| 653 | _aPharmacology,Pharmacotherapeutics | ||
| 942 |
_2ddc _cBK |
||
| 999 |
_c51589 _d51589 |
||